000
00201 a2200097 4500
001
42976
100
_a
Yousf
245
_a
Saladin
260
_a
Lahore
_b
Islamic book service
_c
090
_c
26853
_d
26853
942
_a
NUST-CAE
_c
M
_c
18728
999
_c
278049
_d
278049